| 000 | 01450cam a22003015a 4500 | ||
|---|---|---|---|
| 001 | 14194092 | ||
| 005 | 20151115141934.0 | ||
| 008 | 051205s2006 enka frb 001 0 eng d | ||
| 020 | _a1405124962 | ||
| 020 | _a9781405124966 | ||
| 040 |
_aDNLM/DLC _cDLC _dNLM _dBAKER _dUKM _dBWKUK _dBTCTA _dYDXCP _dLVB _dDLC _dEG-ScBUE _beng |
||
| 082 | 0 | 4 |
_a617.6 _222 _bHAC |
| 100 | 1 |
_aHackshaw, Allan K. _938743 |
|
| 245 | 1 | 0 |
_aEvidence-based dentistry : _ban introduction / _cAllan K. Hackshaw, Elizabeth A. Paul, Elizabeth S. Davenport. |
| 260 |
_aOxford ; _aAmes ; _aVictoria : _bBlackwell Munksgaard, _c2006. |
||
| 300 |
_axii, 225 p. : _bill. ; _c25 cm. |
||
| 500 | _aIndex : p. 222-225. | ||
| 504 | _aBibliography : p.219-221. | ||
| 505 | 0 | _aEvidence-based dentistry : what it is and how to practice it -- Counting people : understanding percentages and proportions -- Taking measurements on people -- Comparing groups and examining associations -- Assessing the effectiveness of treatments -- Determining risk factors for and causes of disease -- Detecting disease -- Study design issues -- Reviewing all the evidence -- Summary of statistical concepts. | |
| 650 | 0 |
_aEvidence-based dentistry. _2BUEsh |
|
| 650 | 0 |
_aDentistry _vMiscellanea. _2BUEsh |
|
| 650 | 7 |
_aEvidence-based medicine. _2BUEsh _928916 |
|
| 651 | _2BUEsh | ||
| 653 |
_bDDent _cAugust2015 _cNovember2015 |
||
| 700 | 1 | _aPaul, Elizabeth A. | |
| 700 | 1 | _aDavenport, Elizabeth S. | |
| 942 | _2ddc | ||
| 999 |
_c20677 _d20649 |
||